Movies Quiz

Random Movies or Clickable Quiz

Movie Titles Connection Quiz Stats

 Plays Quiz Updated Feb 25, 2019

Score 0/15 Timer 04:00
0 Plays Today
% Correct
Beauty
97.5%
To
95.6%
A
93.5%
The
92.6%
Mad
91.4%
The
91.1%
Avengers
88.1%
Never
84.1%
% Correct
Manchester
83.9%
Tinker
82.8%
Kingsman
72%
Ghost
62.4%
When
61.5%
A
60.7%
Beasts
51%

You're not logged in!

Compare scores with friends on all Sporcle quizzes.
OR
Log In

Sporcle TV

Today on Sporcle TV


Watch our educational content, quiz creation guides, and fun videos on Sporcle TV.

Show Comments

Extras

Top Quizzes Today


Score Distribution

Your Account Isn't Verified!

In order to create a playlist on Sporcle, you need to verify the email address you used during registration. Go to your Sporcle Settings to finish the process.

Report this User

Report this user for behavior that violates our Community Guidelines.

Details: